000 00758nam a2200265 a 4500
001 12268
003 BD-RjUL
005 20211208235250.0
008 140128r19551953enkao 001 0 eng d
035 _a(BD-RjUL)12317
040 _aDLC
_beng
_cBD-RjUL
_dBD-RjUL
041 _aeng
082 _a595.796
_218
082 0 0 _a595.796
_218
_bMOA 1955
100 1 _aMorley, Derek Wragge.
_938085
245 1 4 _aThe ant world /
_cDerek Wragge Morley.
260 _aHarmondsworth :
_bPenguin,
_c1953 [reprinted 1955].
300 _a190, [1] p., [4] leaves of plates :
_bill. ;
_c18 cm.
490 1 _aPelican books ;
_vA240
504 _aincludes index.
650 0 _aAnts.
_938086
830 0 _vA240
_938094
830 0 _aPelican books ;
_910435
942 _2ddc
_cBK
999 _c12268
_d12268